<?xml version="1.0" encoding="UTF-8"?>
<marc:record xmlns:marc="http://www.loc.gov/MARC21/slim">
   <marc:leader>00000nam a2200000 a 4500</marc:leader>
   <marc:datafield ind1="1" ind2=" " tag="100">
      <marc:subfield code="a">Kallauch, Michael</marc:subfield>
      <marc:subfield code="4">aut</marc:subfield>
      <marc:subfield code="e">Verfasser/-in</marc:subfield>
   </marc:datafield>
   <marc:datafield ind1=" " ind2=" " tag="653">
      <marc:subfield code="a">2 Schwierigkeitsstufen</marc:subfield>
   </marc:datafield>
   <marc:datafield ind1=" " ind2=" " tag="653">
      <marc:subfield code="a">Reaktionsspiel</marc:subfield>
   </marc:datafield>
   <marc:datafield ind1=" " ind2=" " tag="653">
      <marc:subfield code="a">Auge-Hand Koordination</marc:subfield>
   </marc:datafield>
   <marc:datafield ind1=" " ind2=" " tag="653">
      <marc:subfield code="a">Fische</marc:subfield>
   </marc:datafield>
   <marc:datafield ind1="0" ind2="0" tag="245">
      <marc:subfield code="a">Foto Fish</marc:subfield>
   </marc:datafield>
   <marc:datafield ind1="0" ind2="0" tag="245">
      <marc:subfield code="b">Kinderspiel des Jahres 2020</marc:subfield>
   </marc:datafield>
   <marc:datafield ind1="0" ind2="0" tag="245">
      <marc:subfield code="c">Kallauch, Michael</marc:subfield>
   </marc:datafield>
   <marc:datafield ind1=" " ind2="1" tag="264">
      <marc:subfield code="c">2020</marc:subfield>
   </marc:datafield>
   <marc:datafield ind1="1" ind2=" " tag="520">
      <marc:subfield code="a">Für 2-4 Spieler ab 4 Jahren. Spieldauer: 15-30 Min.&#xD;
&#xD;
Auf zur Fotosafari unter Wasser! Der größte Unterwasserpark der Welt &#x96; lädt euch zu einem ganz besonderen Wettbewerb ein. Gesucht wird der beste Unterwasserfotograf. Wem von euch gelingt es am schnellsten die schönsten Bilder zu fotografieren? &#xD;
Doch aufgepasst! Nur bestimmte Motive werden gesucht. Da heißt es, sich schnell im Farb-und Fischgewimmel unter Wasser zu Recht zu finden und die Kamera dabei blitzschnell auf das gewünschte Motiv auszurichten.&#xD;
Sehr hoher Wiederspielreiz durch: unterschiedlich schwierige Aquarien und unterschiedliche Fotoformate. Es gibt keine Downtime &#x96; alle Kinder spielen immer gleichzeitig und sind permanent aktiv eingebunden. Es bietet eine große Variabilität (Schwierigkeitsgrad, Fotoapparate, Spiellänge,&#x85;) ohne zusätzliche Regeln!</marc:subfield>
   </marc:datafield>
   <marc:datafield ind1=" " ind2=" " tag="020">
      <marc:subfield code="a">9780231727686</marc:subfield>
      <marc:subfield code="9">9780231727686</marc:subfield>
   </marc:datafield>
   <marc:datafield ind1=" " ind2=" " tag="020">
      <marc:subfield code="a">0231727682</marc:subfield>
      <marc:subfield code="9">0231727682</marc:subfield>
   </marc:datafield>
   <marc:datafield ind1=" " ind2=" " tag="041">
      <marc:subfield code="a">ger</marc:subfield>
   </marc:datafield>
   <marc:datafield ind1="1" ind2=" " tag="521">
      <marc:subfield code="a">ab 4 J.</marc:subfield>
   </marc:datafield>
   <marc:datafield ind1=" " ind2=" " tag="338">
      <marc:subfield code="a">Gegenstand</marc:subfield>
   </marc:datafield>
   <marc:datafield ind1=" " ind2=" " tag="300">
      <marc:subfield code="a">1 Spiel (4 Aquarien, 56 Fischteile, 2 Sonderwürfel, 8 Fotoapparate, 1 Spielanleitung )</marc:subfield>
   </marc:datafield>
</marc:record>
